| 000 | 00707nam a22001937a 4500 | ||
|---|---|---|---|
| 003 | CEME | ||
| 005 | 20210628204141.0 | ||
| 008 | 210112b xxu||||| |||| 00| 0 eng d | ||
| 020 | _a9788120343863 | ||
| 040 | _cceme | ||
| 082 | _a621.31244 SOL | ||
| 100 |
_aSolanki, Chetan Singh _918936 |
||
| 245 | _aSolar photovoltaics , fundamentals, technologies and applications | ||
| 250 | _a2ND | ||
| 260 |
_aNEW DELHI _bPHI LEARNING _c2011 |
||
| 300 | _aXXXIII, 478P | ||
| 650 |
_aSOLAR PHOTOVOLTAICS.SOLAR CELL FUNDAMENTALS.SOLAR CELL TECHNOLOGIES.SOLAR PHOTOVOLTAICS APPLICATIONS.SOLAR PHOTOVOLTAICS FUNDAMENTALS.SOLAR PHOTOVOLTAICS TECHNOLOGIES.SOLAR PHOTOVOLTAICS APPLICATIONS. _968966 |
||
| 942 |
_cBK _2ddc |
||
| 999 |
_c576404 _d576404 |
||